000 00328 a2200133 4500
003 Nust
005 20170207154039.0
040 _cNust
100 _aSun Microsystems
245 _aSystem Administration Guide, Volume 2 (E-Book)
_cSun Microsystems
260 _aU.S.A
_bSun Microsystems
_c© 2000
300 _a752p;
651 _a(E-Book)
942 _2ddc
_cBK
999 _c192541
_d192541